000 00681nam a2200193 a 4500
008 120416s1972 ||||||||||||||||| || u
020 _a0521096626
020 _a0521096626
050 _aN 5630 Pol
100 _aPollitt, J. J
245 1 0 _aArt and experience in classical Greece
260 _aCambridge
_bCambridge University Press
_c1972
300 _axiv, 205p. : ill.
350 _a0.00
500 _aBibliography
650 _aTEXTBOOKS
856 _uhttp://www.loc.gov/catdir/description/cam032/74160094.html
995 _D0.00
_FCBU-MAIN LIBRARY (Kitwe)
_H1
_I13.95
_M1
_UAVAILABLE
_ZMain Library Open Access Collection
999 _c34852
_d34852